000 00445nam a2200193Ia 4500
005 20240823022215.0
008 240823s9999||||xx |||||||||||||| ||und||
020 _a81-315-0206-6
041 _aENGLISH
082 _A658.81 P7
100 _a"Ingram,Thomas N"
245 0 _aSales Management
250 _a6th
260 _c2007
_b"Thompson,Aust"
500 _aYES
650 _aSales
_bManagement Studies
942 _cBK
999 _c178611
_d178611